00457pab a2200157 454500008004000000100002200040245007300062260000900135300001300144362001200157650002600169650002500195650002200220700001900242773003800261180718b2008 xxu||||| |||| 00| 0 eng d aBal, Ranjan Kumar aCorporate governance and social responsibility: need for convergence c2008 ap.20-30. aApr-Sep aSocial responsibility aCorporate governance aFinancial markets aDash, Ashutosh aJournal of Accounting and Finance